| 000 | 01219nam a22002657a 4500 | ||
|---|---|---|---|
| 005 | 20170124103153.0 | ||
| 010 | _aB-157916 | ||
| 020 |
_c175.00 _a817721036 |
||
| 035 | _aB-157916 | ||
| 037 | _bCen Lib/Ret | ||
| 040 |
_aDPL _bHN |
||
| 082 |
_a954.0841 _bव्होराआ |
||
| 100 |
_aव्होरा, आशारानी _988804 |
||
| 245 |
_aक्रांतिकारी किशोर / _cआशारानी व्होरा |
||
| 246 |
_aKrantikari kishore / _bby Asha Rani Vohra |
||
| 260 |
_aदिल्ली _bसत्साहित्य प्रकाशन _c2004 |
||
| 270 |
_a204-बी चावड़ी बाज़ार _bदिल्ली _e110006 |
||
| 300 |
_a124पृ. _c21सेमी(सजिल्द) |
||
| 500 | _aअनुक्रमणिका शामिल | ||
| 650 |
_aक्रन्तिकारी आन्दोलन _96490 |
||
| 650 |
_aक्रन्तिकारी आन्दोलन--आदिवासी देशभक्त _988805 |
||
| 650 |
_aRevolutionary movement _988806 |
||
| 650 |
_aRevolutionary movement--Tribal Patriots _988807 |
||
| 942 |
_2ddc _cHN _h954.0841 _mव्होराआ |
||
| 999 |
_c120155 _d120155 |
||